000 00701nam a22001935i 4500
001 152507
003 ES-MaACL
005 20250801094346.0
008 051014s1886 fr | |||||||| ||fre d
040 _aCAM
_bspa
_cCAM
100 1 _aBougeault, Alfred.
_930875
245 1 0 _aPrécis historique et chronologique de la littérature française depuis ses origines jusqu'a nos jours /
_cpar Alfred Bougeault.
250 _a10e éd.
260 _aParis :
_bLibrairie Ch. Delagrave,
_c1886 (
_eCorbeil :
_fTyp. et stér. Crété)
300 _aVIII, 460 p. ;
_c17 cm.
650 7 _aLiteratura francesa
_2embne
_914582
852 _aES-MaACL
_jG-8039
_z-- Enc. pasta española
999 _c152507
_d152507